Elementos de derecho de la información / (Registro nro. 13755)

Detalles MARC
000 -LEADER
fixed length control field 01359nam a2200301 a 4500
001 - CONTROL NUMBER
control field
003 - CONTROL NUMBER IDENTIFIER
control field DO-SdBNP
005 - DATE AND TIME OF LATEST TRANSACTION
control field 20211005093202.0
008 - FIXED-LENGTH DATA ELEMENTS--GENERAL INFORMATION
fixed length control field 090831s2004 dr 000 0 spa d
020 ## - INTERNATIONAL STANDARD BOOK NUMBER
International Standard Book Number 9993479136
040 ## - CATALOGING SOURCE
Original cataloging agency DO-SdBNP
Language of cataloging spa
Transcribing agency BPMSU
082 ## - DEWEY DECIMAL CLASSIFICATION NUMBER
Classification number 323.445
Item number R696e 2004
Edition number 22
100 1# - MAIN ENTRY--PERSONAL NAME
Personal name Rodríguez, Namphi
245 10 - TITLE STATEMENT
Title Elementos de derecho de la información /
Statement of responsibility, etc. Namphi Rodríguez ; prólogo Rafael Molina Morillo ; edición Nilda Peña.
260 ## - PUBLICATION, DISTRIBUTION, ETC. (IMPRINT)
Place of publication, distribution, etc. Santo Domingo :
Name of publisher, distributor, etc. Búho,
Date of publication, distribution, etc. 2004.
300 ## - PHYSICAL DESCRIPTION
Extent 231 p. ;
Dimensions 22 cm.
490 0# - SERIES STATEMENT
Series statement Prensa y derecho
500 ## - GENERAL NOTE
General note Incluye datos biográficos del autor en la contracubierta.
504 ## - BIBLIOGRAPHY, ETC. NOTE
Bibliography, etc Bibliografía : p. 227-231.
505 ## - FORMATTED CONTENTS NOTE
Formatted contents note Las libertades de expresión e información -- El acceso a las fuentes de información -- La cláusula de conciencia del periodista -- El secreto profesional -- Derecho de autor de la obra periodística -- El honor, la intimidad y la imagen de las personas -- Responsabilidad civil y penal del informador -- Delito de difamación e injuria -- Delitos informáticos -- Legislación de los medios de comunicación.
590 ## - LOCAL NOTE (RLIN)
Local note Inventariado, 2021/VM
650 #4 - SUBJECT ADDED ENTRY--TOPICAL TERM
Topical term or geographic name as entry element Derecho a la informacion
650 #4 - SUBJECT ADDED ENTRY--TOPICAL TERM
Topical term or geographic name as entry element Acceso a la informacion
700 1# - ADDED ENTRY--PERSONAL NAME
Personal name Molina Morillo, Rafael
Dates associated with a name 1930-1917
Relator term pról.
700 1# - ADDED ENTRY--PERSONAL NAME
Personal name Peña Nilda,
Relator term ed.
910 ## - USER-OPTION DATA (OCLC)
User-option data VMateo
942 ## - ADDED ENTRY ELEMENTS (KOHA)
Source of classification or shelving scheme Dewey Decimal Classification
Koha item type Libros
Existencias
Withdrawn status Lost status Source of classification or shelving scheme Damaged status Not for loan Collection code Home library Current library Date acquired Total Checkouts Full call number Barcode Date last seen Price effective from Koha item type Copy number
    Dewey Decimal Classification     Colección Dominicana Biblioteca Pública Metropolitana Salomé Ureña Biblioteca Pública Metropolitana Salomé Ureña 10/05/2021   BPMSU CD 323.445 R696e 2004 BPMSU21100034 10/05/2021 10/05/2021 Libros  
    Dewey Decimal Classification     Colección Dominicana Biblioteca Pública Metropolitana Salomé Ureña Biblioteca Pública Metropolitana Salomé Ureña 10/05/2021   BPMSU CD 323.445 R696e 2004 BPMSU21100035 10/05/2021 10/05/2021 Libros e.2
    Dewey Decimal Classification     Colección Dominicana Biblioteca Pública Metropolitana Salomé Ureña Biblioteca Pública Metropolitana Salomé Ureña 10/05/2021   BPMSU CD 323.445 R696e 2004 BPMSU21100036 10/05/2021 10/05/2021 Libros e.3